000 00700nam a2200229 a 4500
001 BRL_18
005 20190320210543.0
008 810402s1955 au-#######---#000-0#ger-#
040 _aDLC
_cCarP
_dDLC
041 _ager
044 _aau
050 4 _aTR675
_b.S35 1955
100 1 _aSchleinitz, Egon G.
_922667
245 1 0 _aDas Antlitz der Menschheit
_bhundert aufnahmen internationaler meisterfotografen herausgegeben
_cvon Egon G. Schleinitz.
260 _aViena
_bAnton Schroll
_cc1955
300 _a100 p.
_bil.
_c25 cm.
500 _aIncluye lista de fotógrafos y lista de imágenes
500 _aAu3
650 1 4 _aFotografía artística
_zAlemania
_922668
902 _aGRL
942 _2lcc
_cB
999 _c8831
_d8831